| 000 | 00902nam a2200337 a 4500 | ||
|---|---|---|---|
| 003 | AR-BaBNM | ||
| 005 | 20251128204902.0 | ||
| 008 | 082120s2002 ||||||||||||||000 | spa|| | ||
| 020 | _a84-7133-590-5 | ||
| 040 | _cAR-BaBNM | ||
| 100 | 1 | _aSantamaría, Germán | |
| 245 | 0 | 0 | _aLo que hay que saber sobre la LOGSE |
| 250 | _a1ª ed. | ||
| 260 |
_aMadrid _bLa Muralla _c1992 |
||
| 300 |
_a292 p. _bgráfs. |
||
| 490 | 0 | _aAula abierta | |
| 504 | _aBibliografía p. 285-292 | ||
| 650 | 4 | _aTERMINOLOGIA EDUCACIONAL | |
| 650 | 4 | _aAPRENDIZAJE | |
| 650 | 4 | _aCALIDAD DE LA ENSEÑANZA | |
| 650 | 4 | _aRECURSOS EDUCACIONALES | |
| 650 | 4 | _aTUTORIA | |
| 650 | 4 | _aFORMACION DE DOCENTES | |
| 651 | 4 | _aEspaña | |
| 653 | _aLEGISLACION EDUCATIVA | ||
| 653 | _aINVESTIGACION EDUCATIVA | ||
| 700 | 1 | _aRojo, Isidro | |
| 800 | 1 |
_aCasanova, María Antonia _edirector |
|
| 942 | _cBK | ||
| 998 | _cCarmen | ||
| 999 |
_c9191 _d9191 |
||